| 000 | 00384nam a22001217a 4500 | ||
|---|---|---|---|
| 008 | 230620b xxu||||| |||| 00| 0 eng d | ||
| 082 |
_a305.5 _bUN 2003 |
||
| 110 | _bUNited Nations | ||
| 245 | _aThe Convention on the Elimination of All Forms of Discrimination Against Women and its Optional Protocol | ||
| 260 |
_aSwitzerland _bUnited Nations _c2003 |
||
| 300 | _a121p | ||
| 942 |
_2ddc _cBK |
||
| 999 |
_c1467 _d1467 |
||